Les buteurs de l'Allemagne au Championnat d'Europe de football 2024 - Statistiques

Statistiques générales
  • Ce quiz a été pris 61 fois
    33 depuis la dernière actualisation
  • Le résultat moyen est 9 sur 11
Statistiques - réponses
Match Minute Buteur % Correct
Allemagne - Écosse 5-1 19' Jamal Musiala
100%
Allemagne - Hongrie 2-0 22' Jamal Musiala
100%
Allemagne - Danemark 2-0 68' Jamal Musiala
100%
Allemagne - Écosse 5-1 10' Florian Wirtz
89%
Espagne - Allemagne 2-1 (a.p.) 89' Florian Wirtz
89%
Allemagne - Écosse 5-1 45-1' Kai Havertz
75%
Allemagne - Danemark 2-0 53' Kai Havertz
75%
Allemagne - Écosse 5-1 68' Niclas Füllkrug
75%
Suisse - Allemagne 1-1 90+2' Niclas Füllkrug
75%
Allemagne - Hongrie 2-0 67' İlkay Gündoğan
61%
Allemagne - Écosse 5-1 90+3' Emre Can
39%
Aucun quiz correspondant
Distribution des résultats
% des personnes avec chaque résultat
Percentile par nombre de réponses
Votre historique - résultats
Vous n’avez pas pris ce quiz depuis la dernière actualisation